000 00622cam a22002293a 4500
001 15502
003 PGUSA
005 20140828083330.0
008 050330s2005||||xxu|||||s|||||000 | eng d
040 _aPGUSA
_beng
042 _adc
050 4 _aPS
100 1 _aGregory, Jackson,
_d1882-1943
245 1 4 _aThe Desert Valley
_h[electronic resource] /
_cJackson Gregory
260 _bProject Gutenberg,
_c2005
506 _aPublic domain in the USA.
516 _aElectronic text
653 _aWestern stories
830 0 _aProject Gutenberg
_v15502
856 4 0 _uhttp://www.gutenberg.org/ebooks/15502
942 _cEB
999 _c244757
_d244757